Statistiques concernant Les prénoms féminins dans les titres de chansons

Cliquez ici pour prendre le quiz!

Statistiques générales

  • Ce quiz a été pris 786 fois
  • Le résultat moyen est 11 sur 26

Statistiques - réponses

PrénomChanteur% Correct
AlineChristophe
88%
BelindaClaude François
82%
GabrielleJohnny Hallyday
78%
MelissaJulien Clerc
72%
FélicieFernandel
69%
ElisaSerge Gainsbourg
65%
HélèneRoch Voisine
63%
NathalieGilbert Bécaud
54%
LiliPierre Perret
54%
LauretteMichel Delpech
52%
SuzetteDany Brillant
48%
CélineHugues Aufray
44%
JoséphineAlain Bashung
43%
FernandeGeorges Brassens
38%
MathildeJacques Brel
38%
RosalieCarlos
36%
AnnieFrance Gall
32%
EmmanuellePierre Bachelet
32%
DominiqueSoeur Sourire
27%
Marylène (groupe)Martin Circus
22%
CéciliaJoe Dassin
20%
Paulette (groupe)Charlots
12%
CélimeneDavid Martial
8%
MarieFrançois Valéry
6%
MoniaPeter Holm
3%
AngéliqueMichel Corso
0%

Distribution des résultats

Percentile par nombre de réponses

% des personnes avec chaque résultat

Votre développement - résultats

Vous n’avez pas pris ce quiz